000 00578cam a2200193 4500
001 3634
005 20181127171640.0
008 090205s2009 nyua 001 0 eng
010 _a 2009003942
020 _a9790764179495
100 1 _aGreen, Sharon,
_d1939-
245 1 0 _aGraduate record examination /
_cSharon Weiner-Green, Ira K. Wolf.
246 1 8 _aGRE
250 _a18th ed.
260 _aHauppauge, NY :
_bBarron Educational Service,
_c2009.
300 _aviii, 543 p. :
_bill. ;
_c28 cm.
_e
650 0 _aGraduate Record Examination
_vStudy guides.
700 1 _aWolf, Ira K.
999 _c2960
_d2960